[Event "Klatovy"]
[Site "?"]
[Date "2007.??.??"]
[Round "?"]
[White "Neuman, P."]
[Black "Novotny, J."]
[Result "1-0"]
[WhiteElo "2410"]
[BlackElo "2055"]
[PlyCount "73"]
[EventDate "2007.??.??"]

1. d4 d5 2. c4 c6 3. Nc3 Nf6 4. e3 e6 5. Bd3 Nbd7 6. Nf3 dxc4 7. Bxc4 b5 8. Bd3
Bb7 9. e4 a6 10. e5 Nd5 11. Nxd5 cxd5 12. h4 Bb4+ 13. Kf1 Be7 14. Rh3 f5 15.
exf6 Nxf6 16. Ng5 Qb6 17. Qe2 Bc8 18. Re3 O-O 19. Nxe6 Bxe6 20. Rxe6 Qxd4 21.
Rxe7 Qxh4 22. Qe6+ Kh8 23. Qh3 Qd4 24. Kg1 Ne4 25. Bxe4 Qxf2+ 26. Kh2 dxe4 27.
Be3 Qxb2 28. Rc1 Rae8 29. Qe6 Rxe7 30. Qxe7 Qf6 31. Qxf6 gxf6 32. Rc7 Kg8 33.
Bh6 Re8 34. Kg1 Re6 35. Rg7+ Kh8 36. Rf7 Re8 37. Rxf6 1-0

[Event "Klatovy"]
[Site "?"]
[Date "2007.??.??"]
[Round "?"]
[White "Kracik, D."]
[Black "Jurek, J."]
[Result "1/2-1/2"]
[WhiteElo "2050"]
[BlackElo "2380"]
[PlyCount "85"]
[EventDate "2007.??.??"]

1. e4 c5 2. d4 cxd4 3. Nf3 a6 4. Nxd4 e5 5. Nb3 Nf6 6. Bc4 Qc7 7. Bd5 d6 8. c4
Be6 9. Nc3 Nbd7 10. Be3 Be7 11. O-O O-O 12. Rc1 Rac8 13. Nd2 Qb8 14. Qb3 Bxd5
15. Nxd5 Bd8 16. Qa3 Ng4 17. h3 Nxe3 18. Qxe3 h6 19. Rfd1 Nf6 20. Nf3 Rc6 21.
c5 dxc5 22. Rxc5 Rxc5 23. Nxf6+ Bxf6 24. Qxc5 Rc8 25. Qd5 Qc7 26. Qb3 b5 27.
Rd5 Qc1+ 28. Rd1 Qc4 29. Qxc4 Rxc4 30. Rd6 Rxe4 31. Rxa6 Re2 32. b3 e4 33. Nh2
Bd4 34. Ng4 f5 35. Kf1 Rb2 36. Ne3 f4 37. Nd1 Rd2 38. Ke1 e3 39. fxe3 fxe3 40.
Rd6 Rd3 41. Ke2 Rd2+ 42. Ke1 Rd3 43. Ke2 1/2-1/2

[Event "Klatovy"]
[Site "?"]
[Date "2007.??.??"]
[Round "?"]
[White "Michalek, J."]
[Black "Paldus, P."]
[Result "1-0"]
[WhiteElo "2355"]
[BlackElo "2045"]
[PlyCount "126"]
[EventDate "2007.??.??"]

1. e4 e5 2. d4 exd4 3. Nf3 Nc6 4. c3 dxc3 5. Bc4 d6 6. Nxc3 Be6 7. Bxe6 fxe6 8.
Qb3 Qc8 9. Ng5 Nd8 10. f4 Be7 11. f5 exf5 12. O-O h6 13. Nh3 Qe6 14. Nd5 Qd7
15. Nhf4 c6 16. Ne3 Nf6 17. Ng6 Rg8 18. Nxf5 Bf8 19. Bf4 Qf7 20. Nxf8 Qxb3 21.
Nxd6+ Kxf8 22. axb3 Ke7 23. Nf5+ Ke6 24. Nd4+ Ke7 25. Be3 Nf7 26. Nf5+ Ke6 27.
Bd4 Ne5 28. Ng3 a6 29. Ra5 Ned7 30. Raf5 Raf8 31. b4 g6 32. R5f2 Ng4 33. Rxf8
Rxf8 34. Rxf8 Nxf8 35. h3 Nf6 36. Kf2 N8d7 37. Ke3 Ne5 38. b3 h5 39. Ne2 g5 40.
Ng1 g4 41. Ne2 gxh3 42. gxh3 Ng6 43. Ng3 h4 44. Nf5 Nh7 45. Bb6 Ng5 46. Bd8
Nxh3 47. Nxh4 Nhf4 48. Nf3 Kd7 49. Bb6 Ne6 50. Bc5 Kc7 51. e5 Ngf4 52. Bd6+ Kd7
53. Ke4 Ne2 54. Bc5 Nc1 55. Nd2 Ne2 56. Kf5 N2d4+ 57. Kf6 Nb5 58. Nc4 Nbd4 59.
Bd6 Nc7 60. Bxc7 Kxc7 61. e6 Nxe6 62. Kxe6 c5 63. Kd5 cxb4 1-0

[Event "Klatovy"]
[Site "?"]
[Date "2007.??.??"]
[Round "?"]
[White "Cecil, P."]
[Black "Kopta, P."]
[Result "1/2-1/2"]
[WhiteElo "2040"]
[BlackElo "2325"]
[PlyCount "126"]
[EventDate "2007.??.??"]

1. d4 Nf6 2. c4 e6 3. Nf3 c5 4. g3 cxd4 5. Nxd4 d5 6. Bg2 e5 7. Nf3 d4 8. O-O
Nc6 9. e3 Be7 10. exd4 exd4 11. b3 O-O 12. Bb2 Bc5 13. h3 Bf5 14. Nh4 Be4 15.
Re1 Re8 16. Nd2 Bxg2 17. Kxg2 Rxe1 18. Qxe1 Nb4 19. Qe2 Qd7 20. a3 Re8 21. Qf3
Nc2 22. b4 Re1 23. Rd1 Be7 24. Kh2 Qe6 25. Ng2 Rxd1 26. Qxd1 Qf5 27. Qf3 Qxf3
28. Nxf3 d3 29. Nd2 a5 30. bxa5 g5 31. Ne3 Nd7 32. Nb1 Bd8 33. Bc3 Nc5 34. Kg2
Ne4 35. Bb4 Bf6 36. Kf3 Nxb4 37. axb4 Nd6 38. Nd5 Bd4 39. Nd2 f5 40. Nb3 g4+
41. hxg4 fxg4+ 42. Kxg4 Bxf2 43. Kf3 Be1 44. c5 Nc4 45. b5 Bxa5 46. Nxa5 d2 47.
Ke2 Nxa5 48. Nc3 Nb3 49. c6 bxc6 50. b6 d1=Q+ 51. Nxd1 Na5 52. Kf3 Kf7 53. Kf4
Kf6 54. Ne3 Nb7 55. Ng4+ Ke6 56. Ne3 c5 57. g4 Nd6 58. g5 Nb7 59. Ke4 Nd6+ 60.
Kd3 Kd7 61. Nd5 Kc6 62. Nf6 Nf7 63. Nxh7 Nxg5 1/2-1/2

[Event "Klatovy"]
[Site "?"]
[Date "2007.??.??"]
[Round "?"]
[White "Trmal, J."]
[Black "Danek, V."]
[Result "1-0"]
[WhiteElo "2320"]
[BlackElo "2020"]
[PlyCount "115"]
[EventDate "2007.??.??"]

1. d4 c5 2. d5 e5 3. e4 d6 4. Nc3 Nf6 5. Be2 Be7 6. Nf3 O-O 7. O-O Ne8 8. a4 g6
9. Bh6 Ng7 10. Qd2 Nd7 11. Ng5 Kh8 12. Bg4 Bxg5 13. Bxg5 f6 14. Bh6 f5 15. exf5
gxf5 16. Bh3 a6 17. f4 Qf6 18. Bg5 Qg6 19. fxe5 Nxe5 20. Bf4 Bd7 21. a5 Rae8
22. b3 Nh5 23. Rae1 Nf7 24. g3 Nxf4 25. Qxf4 Re5 26. Qd2 Rfe8 27. Rxe5 Rxe5 28.
Ne2 Qg5 29. Nf4 Nh6 30. b4 Bb5 31. Rc1 c4 32. Qd4 Kg8 33. Kf2 Re4 34. Qd1 c3
35. Qf3 Ng4+ 36. Bxg4 Qxg4 37. Qxg4+ fxg4 38. Re1 Rxe1 39. Kxe1 Kf7 40. Ne2 Kf6
41. Nxc3 Ke5 42. Kd2 Kd4 43. Nd1 Kxd5 44. Ne3+ Ke4 45. Nxg4 Kf3 46. Nf6 h6 47.
Ng8 Bc4 48. Nxh6 Be6 49. Kd3 Kg2 50. Ke4 Kxh2 51. Kf4 Kg2 52. g4 Kf2 53. Nf5 d5
54. Ke5 Bg8 55. g5 Ke2 56. g6 d4 57. Kxd4 Kd2 58. c3 1-0

[Event "Klatovy"]
[Site "?"]
[Date "2007.??.??"]
[Round "?"]
[White "Havlik, J."]
[Black "Stross, F."]
[Result "0-1"]
[WhiteElo "2020"]
[BlackElo "2315"]
[PlyCount "94"]
[EventDate "2007.??.??"]

1. e4 c5 2. Nf3 e6 3. d4 cxd4 4. Nxd4 Nf6 5. Nc3 Nc6 6. Be3 Bb4 7. f3 d5 8.
Nxc6 bxc6 9. e5 Nd7 10. f4 Qa5 11. Bd2 Qb6 12. a3 Be7 13. b4 Ba6 14. Bxa6 Qxa6
15. Qe2 Qxe2+ 16. Nxe2 Nb6 17. Be3 Nc4 18. Bc5 Bxc5 19. bxc5 Kd7 20. Nd4 Rab8
21. Ke2 Rb7 22. Rhf1 a5 23. Rf3 a4 24. Raf1 Re8 25. g4 Rb2 26. Rh3 h6 27. Rff3
Rb1 28. Rh5 Rg1 29. h3 Rg2+ 30. Kd3 Nd2 31. Re3 Ne4 32. Rxe4 dxe4+ 33. Kxe4 Rg3
34. Nf3 Rb8 35. f5 Ke7 36. Nd4 Rc8 37. Kf4 Rxa3 38. g5 hxg5+ 39. Rxg5 Rxh3 40.
Rxg7 Rh4+ 41. Ke3 Kf8 42. Rg1 Rd8 43. Nxc6 Rc8 44. Nd4 Rxc5 45. fxe6 Rxe5+ 46.
Kd3 fxe6 47. Ra1 Rd5 0-1

[Event "Klatovy"]
[Site "?"]
[Date "2007.??.??"]
[Round "?"]
[White "Sodoma, J."]
[Black "Pravdik, K."]
[Result "1-0"]
[WhiteElo "2315"]
[BlackElo "2015"]
[PlyCount "80"]
[EventDate "2007.??.??"]

1. e4 c5 2. Nc3 a6 3. Nge2 e6 4. g3 b5 5. Bg2 Bb7 6. d4 b4 7. Na4 Nf6 8. d5 d6
9. O-O g6 10. dxe6 fxe6 11. Nf4 e5 12. Ne6 Qe7 13. Nxf8 Rxf8 14. Nb6 Ra7 15.
Bh6 Rf7 16. Nc4 Kd7 17. Qe2 Nc6 18. c3 a5 19. Rfd1 Ba6 20. Qd3 Bxc4 21. Qxc4
Kc7 22. a3 bxc3 23. bxc3 Ng4 24. Bg5 Qf8 25. f3 h6 26. Bd2 Nf6 27. Bxh6 Qe7 28.
Rab1 Nd7 29. Rb2 Rh7 30. Be3 Rh8 31. h4 Raa8 32. Bg5 Qf8 33. Qe6 Rg8 34. Rb7+
Kxb7 35. Qxd7+ Kb6 36. Rb1+ Nb4 37. cxb4 axb4 38. axb4 Rb8 39. bxc5+ Kxc5 40.
Qc7+ Kd4 1-0

[Event "Klatovy"]
[Site "?"]
[Date "2007.??.??"]
[Round "?"]
[White "Peniska, P."]
[Black "Plat, V."]
[Result "0-1"]
[WhiteElo "2015"]
[BlackElo "2280"]
[PlyCount "46"]
[EventDate "2007.??.??"]

1. e4 c5 2. Nc3 Nc6 3. g3 g6 4. Bg2 Bg7 5. f4 d6 6. Nf3 Nf6 7. O-O O-O 8. d3
Rb8 9. Ne2 b5 10. h3 Bb7 11. g4 e6 12. Ng3 Nd7 13. f5 Nde5 14. c3 d5 15. Bf4 d4
16. Rc1 dxc3 17. bxc3 Qxd3 18. Qxd3 Nxd3 19. Bxb8 Nxc1 20. Bd6 Rd8 21. Bxc5 Nd3
22. Rb1 Nxc5 23. Rxb5 Bf8 0-1

[Event "Klatovy"]
[Site "?"]
[Date "2007.??.??"]
[Round "?"]
[White "Vorisek, J."]
[Black "Rakous, P."]
[Result "1-0"]
[WhiteElo "2265"]
[BlackElo "2010"]
[PlyCount "80"]
[EventDate "2007.??.??"]

1. d4 Nf6 2. Nf3 c5 3. d5 e6 4. c4 exd5 5. cxd5 d6 6. Nc3 g6 7. e4 Bg7 8. Be2
O-O 9. O-O Bg4 10. h3 Bxf3 11. Bxf3 a6 12. a4 Nbd7 13. a5 Re8 14. Re1 b5 15.
axb6 Qxb6 16. Qc2 Reb8 17. Be2 Ne8 18. Qa4 Qd8 19. Ra2 Rb4 20. Qc2 Nc7 21. Bd2
Bd4 22. Rea1 Qf6 23. Nd1 Rbb8 24. Bc3 Bxc3 25. bxc3 Rb6 26. Ne3 Ne5 27. g3 Rab8
28. f4 Nd7 29. Bxa6 Rb3 30. Nd1 Nxa6 31. Rxa6 c4 32. e5 Qe7 33. Rxd6 Nxe5 34.
fxe5 Qxe5 35. Rd7 Qe1+ 36. Kg2 Rb2 37. Nxb2 Qxa1 38. Nxc4 Ra8 39. Qf2 Ra2 40.
Nd2 f6 1-0

[Event "Klatovy"]
[Site "?"]
[Date "2007.??.??"]
[Round "?"]
[White "Kovar, P."]
[Black "Kubecka, D."]
[Result "0-1"]
[WhiteElo "2005"]
[BlackElo "2260"]
[PlyCount "56"]
[EventDate "2007.??.??"]

1. c4 Nf6 2. Nc3 g6 3. d4 Bg7 4. g3 O-O 5. Bg2 d6 6. Nf3 Nc6 7. O-O a6 8. b3
Rb8 9. Bf4 Bg4 10. h3 Bxf3 11. Bxf3 Nd7 12. Bxc6 bxc6 13. Rc1 e5 14. Be3 f5 15.
f4 exf4 16. Bxf4 Qe7 17. Qd2 Rbe8 18. Rce1 Nf6 19. Bg5 Qd7 20. Bxf6 Bxf6 21. e4
Qg7 22. e5 dxe5 23. dxe5 Bxe5 24. Ne2 Re7 25. Kg2 Rfe8 26. Nf4 Bd6 27. Kf3 Re4
28. Re2 Bxf4 0-1

[Event "Klatovy"]
[Site "?"]
[Date "2007.??.??"]
[Round "?"]
[White "Vedral, O."]
[Black "Rmoutil, M."]
[Result "1/2-1/2"]
[WhiteElo "2260"]
[BlackElo "2005"]
[PlyCount "61"]
[EventDate "2007.??.??"]

1. e4 c5 2. Nf3 d6 3. d4 cxd4 4. Nxd4 Nf6 5. Nc3 a6 6. Be2 e6 7. O-O Be7 8. f4
Qc7 9. Bf3 O-O 10. Kh1 Nc6 11. Be3 Bd7 12. Nb3 Rac8 13. a4 b6 14. g4 Rb8 15. g5
Ne8 16. Bg2 g6 17. Qe2 Bc8 18. Rf3 Ng7 19. Raf1 f5 20. gxf6 Bxf6 21. Qc4 Kh8
22. Nd4 Bb7 23. f5 gxf5 24. Nd5 exd5 25. exd5 Bxd4 26. Bxd4 Qf7 27. Rxf5 Qg8
28. Rxf8 Rxf8 29. Rxf8 Qxf8 30. dxc6 Bc8 31. Bxb6 1/2-1/2

[Event "Klatovy"]
[Site "?"]
[Date "2007.??.??"]
[Round "?"]
[White "Vlasak, L."]
[Black "Havlik, J."]
[Result "0-1"]
[WhiteElo "2005"]
[BlackElo "2260"]
[PlyCount "58"]
[EventDate "2007.??.??"]

1. e4 c5 2. Nf3 Nc6 3. d4 cxd4 4. Nxd4 e5 5. Nb5 d6 6. N1c3 a6 7. Na3 b5 8. Nd5
Nce7 9. Bg5 h6 10. Bxb5+ axb5 11. Nxb5 Ra7 12. Nxa7 Qa5+ 13. Bd2 Qxa7 14. Be3
Qb7 15. O-O f5 16. f3 Nxd5 17. exd5 Nf6 18. c4 Be7 19. Qd2 O-O 20. b4 f4 21.
Bf2 e4 22. Bd4 e3 23. Qb2 Bf5 24. Rac1 Nh5 25. a4 Bh4 26. a5 Bf2+ 27. Kh1 Ng3+
28. hxg3 fxg3 29. a6 Qf7 0-1

[Event "Klatovy"]
[Site "?"]
[Date "2007.??.??"]
[Round "?"]
[White "Folk, P."]
[Black "Novak, J."]
[Result "1/2-1/2"]
[WhiteElo "2255"]
[BlackElo "2000"]
[PlyCount "67"]
[EventDate "2007.??.??"]

1. e4 e6 2. d4 d5 3. Nc3 dxe4 4. Nxe4 Be7 5. Bd3 Nf6 6. Nf3 Nbd7 7. Qe2 Nxe4 8.
Bxe4 Nf6 9. Bxb7 Bxb7 10. Qb5+ Qd7 11. Qxb7 O-O 12. Qa6 c5 13. dxc5 Bxc5 14.
O-O Ng4 15. Qc4 Bxf2+ 16. Rxf2 Nxf2 17. Kxf2 Rfc8 18. Qe2 Qc7 19. c3 Rab8 20.
Be3 Qb7 21. b3 Rxc3 22. Bd4 Rcc8 23. Qe5 f6 24. Qxe6+ Qf7 25. Qxf7+ Kxf7 26.
Re1 a6 27. Re2 Rc6 28. Ke1 Rbc8 29. b4 Rc1+ 30. Kf2 R8c4 31. a3 R1c2 32. Rxc2
Rxc2+ 33. Ke3 Rxg2 34. a4 1/2-1/2

[Event "Klatovy"]
[Site "?"]
[Date "2007.??.??"]
[Round "?"]
[White "Snaidr, J."]
[Black "Lacina, A."]
[Result "0-1"]
[WhiteElo "2000"]
[BlackElo "2250"]
[PlyCount "60"]
[EventDate "2007.??.??"]

1. d4 Nf6 2. c4 e6 3. Nf3 b6 4. g3 Ba6 5. b3 d5 6. Bg2 dxc4 7. Ne5 Bb4+ 8. Kf1
Nfd7 9. Bxa8 Nxe5 10. Kg2 Nec6 11. Bb2 Qd5+ 12. f3 f5 13. Nc3 Qa5 14. Rc1 O-O
15. a3 Bxc3 16. Rxc3 Ne7 17. bxc4 Nd7 18. d5 Rxa8 19. d6 cxd6 20. Qxd6 Qe5 21.
Qd2 Nc5 22. Rd3 Qc7 23. Rd6 Nc6 24. Qg5 e5 25. Rhd1 Nd4 26. Rd5 Bxc4 27. R5xd4
exd4 28. Rxd4 Bxe2 29. Qxf5 Rf8 30. Qd5+ Rf7 0-1

[Event "Klatovy"]
[Site "?"]
[Date "2007.??.??"]
[Round "?"]
[White "Palek, M."]
[Black "Skoda, M."]
[Result "1-0"]
[WhiteElo "2245"]
[BlackElo "1995"]
[PlyCount "59"]
[EventDate "2007.??.??"]

1. e4 c6 2. d3 d5 3. Nd2 dxe4 4. dxe4 Nf6 5. Ngf3 Bg4 6. Bc4 e6 7. O-O Bc5 8.
Qe2 Nbd7 9. h3 Bh5 10. Rd1 Qc7 11. Bb3 Qf4 12. Re1 Ne5 13. Kf1 Nfg4 14. hxg4
Nxg4 15. Nc4 Qf6 16. e5 Qf5 17. Ne3 Nh2+ 18. Kg1 Nxf3+ 19. Qxf3 Qxe5 20. g4 Bg6
21. Ng2 Qc7 22. Bf4 Qe7 23. Be5 h5 24. Bxg7 hxg4 25. Qf4 g3 26. Qxg3 Bd6 27.
Rxe6 fxe6 28. Qxg6+ Kd7 29. Bxh8 Rxh8 30. Bxe6+ 1-0

[Event "Klatovy"]
[Site "?"]
[Date "2007.??.??"]
[Round "?"]
[White "Pokora, L."]
[Black "Jaros, M."]
[Result "1/2-1/2"]
[WhiteElo "1995"]
[BlackElo "2195"]
[PlyCount "76"]
[EventDate "2007.??.??"]

1. e4 e5 2. Nf3 Nc6 3. Bb5 Nf6 4. O-O Nxe4 5. Re1 Nd6 6. Nxe5 Be7 7. Nxc6 dxc6
8. Bf1 O-O 9. d4 Nf5 10. c3 Be6 11. Nd2 c5 12. dxc5 Bxc5 13. Ne4 Qxd1 14. Rxd1
Bb6 15. Bf4 Rad8 16. b3 f6 17. h3 Kf7 18. Be2 Rfe8 19. Rxd8 Rxd8 20. Rd1 Rxd1+
21. Bxd1 Bd5 22. Nd2 g5 23. Bh2 Ke7 24. Bc2 Nh4 25. g4 h6 26. Bg3 Nf3+ 27. Nxf3
Bxf3 28. Kf1 c5 29. Ke1 Ba5 30. Kd2 Kd7 31. a3 Bc7 32. Bf5+ Kc6 33. Ke3 Bg2 34.
h4 Bxg3 35. fxg3 Kc7 36. Be4 Bh3 37. Bf3 f5 38. gxf5 Bxf5 1/2-1/2

[Event "Klatovy"]
[Site "?"]
[Date "2007.??.??"]
[Round "?"]
[White "Folkova, M."]
[Black "Hlavnicka, J."]
[Result "1-0"]
[WhiteElo "2195"]
[BlackElo "1995"]
[PlyCount "111"]
[EventDate "2007.??.??"]

1. e4 c5 2. Nf3 d6 3. d4 cxd4 4. Nxd4 Nc6 5. Nc3 g6 6. Be3 Bg7 7. f3 Nf6 8. Qd2
a6 9. O-O-O Qc7 10. g4 h6 11. h4 b5 12. Nxc6 Qxc6 13. e5 b4 14. Nb1 Nd7 15.
exd6 exd6 16. Bd4 O-O 17. Bxg7 Kxg7 18. g5 h5 19. Qxb4 Qxf3 20. Rh3 Qf2 21.
Qxd6 Nc5 22. Rc3 Na4 23. Rc4 Nb6 24. Rb4 Bf5 25. Qd4+ Qxd4 26. Rdxd4 Nd7 27.
Bd3 Bg4 28. Nc3 Ne5 29. Be4 Rae8 30. Rb6 Bc8 31. b3 Nd7 32. Rbd6 Nc5 33. Bc6
Re3 34. Ne4 Rh3 35. Nf6 Bf5 36. Rd8 Ne6 37. Rxf8 Kxf8 38. Rc4 Rh2 39. Bb7 a5
40. Nd5 Bg4 41. Rc8+ Kg7 42. Nf6 Nf8 43. Ne8+ Kg8 44. Rc5 Rxh4 45. Rxa5 Bf5 46.
a4 Rh2 47. Rc5 Ne6 48. Rc8 Nxg5 49. Rc3 Ne6 50. a5 Nd4 51. a6 Nb5 52. Rc5 Na7
53. Bd5 Nc8 54. Rc7 Kf8 55. Rxc8 Bxc8 56. a7 1-0

[Event "Klatovy"]
[Site "?"]
[Date "2007.??.??"]
[Round "?"]
[White "Jonas, V."]
[Black "Blecha, M."]
[Result "1/2-1/2"]
[WhiteElo "1985"]
[BlackElo "2190"]
[PlyCount "113"]
[EventDate "2007.??.??"]

1. e4 c5 2. c3 d5 3. exd5 Qxd5 4. d4 Nf6 5. Nf3 Bg4 6. Be2 e6 7. O-O Nc6 8. h3
Bh5 9. Be3 cxd4 10. cxd4 Be7 11. Nc3 Qd6 12. a3 O-O 13. Qb3 a6 14. Rfd1 b5 15.
d5 Na5 16. Qa2 e5 17. b4 Nb7 18. Ng5 Bxe2 19. Qxe2 Rac8 20. Nge4 Nxe4 21. Nxe4
Qg6 22. Qd3 f5 23. d6 Bd8 24. Nc5 Nxc5 25. bxc5 Qe6 26. f3 Rc6 27. Qd5 Qxd5 28.
Rxd5 Bf6 29. Rad1 Rd8 30. d7 Kf7 31. Bd2 Rb8 32. Ba5 Bd8 33. Bxd8 Rxd8 34. Rxe5
g6 35. g4 Rc7 36. Red5 Ke7 37. gxf5 gxf5 38. Re1+ Kf7 39. Rxf5+ Kg6 40. Rd5
Rcxd7 41. Rxd7 Rxd7 42. Re6+ Kf7 43. Rxa6 Rc7 44. c6 Ke6 45. Rb6 Kd6 46. Rxb5
Rxc6 47. Rb3 Rc2 48. Re3 Ra2 49. f4 Kd5 50. Re5+ Kd6 51. Ra5 Ke6 52. h4 Kf6 53.
f5 Rb2 54. a4 Ra2 55. Kh1 Rf2 56. Rb5 Rf4 57. a5 1/2-1/2

[Event "Klatovy"]
[Site "?"]
[Date "2007.??.??"]
[Round "?"]
[White "Krejci, J."]
[Black "Huttner, M."]
[Result "1/2-1/2"]
[WhiteElo "2190"]
[BlackElo "1980"]
[PlyCount "100"]
[EventDate "2007.??.??"]

1. e4 e6 2. d4 d5 3. Nc3 dxe4 4. Nxe4 Nd7 5. Nf3 Ngf6 6. Nxf6+ Nxf6 7. c3 c5 8.
Ne5 Be7 9. Bb5+ Bd7 10. Nxd7 Nxd7 11. dxc5 Bxc5 12. O-O a6 13. Ba4 b5 14. Bc2
Nf6 15. Qf3 O-O 16. Rd1 Qe7 17. Bg5 Rad8 18. Bxf6 Qxf6 19. Bxh7+ Kxh7 20. Qh5+
Kg8 21. Qxc5 Rxd1+ 22. Rxd1 Rd8 23. Rxd8+ Qxd8 24. Qd4 Qg5 25. f4 Qf5 26. Qd2
Qb1+ 27. Kf2 Qxa2 28. Kg3 Qb3 29. h4 a5 30. Qd8+ Kh7 31. Qxa5 Qxb2 32. Qc7 Kg8
33. Qe5 Qd2 34. Kh2 Qf2 35. h5 Qh4+ 36. Kg1 Qg3 37. Kf1 Qd3+ 38. Kf2 Qd2+ 39.
Kg3 Qd3+ 40. Kh4 Qd8+ 41. Qg5 Qd2 42. Qg3 Qd1 43. Qf2 Qh1+ 44. Kg4 f5+ 45. Kg3
Qxh5 46. Qe3 Qg4+ 47. Kf2 Qh4+ 48. Ke2 Qg4+ 49. Kf2 Qh4+ 50. Ke2 Qg4+ 1/2-1/2

[Event "Klatovy"]
[Site "?"]
[Date "2007.??.??"]
[Round "?"]
[White "Pospisil, J."]
[Black "Vanka, M."]
[Result "1-0"]
[WhiteElo "1970"]
[BlackElo "2185"]
[PlyCount "83"]
[EventDate "2007.??.??"]

1. e4 c5 2. Nf3 Nc6 3. d4 cxd4 4. Nxd4 e5 5. Nb5 d6 6. a4 Be7 7. N1c3 a6 8. Na3
Be6 9. Bc4 Nf6 10. O-O O-O 11. Re1 Na5 12. Bd5 Rc8 13. Be3 Qc7 14. Qd3 Nc6 15.
Rad1 Nb4 16. Qd2 Nbxd5 17. Nxd5 Bxd5 18. exd5 Nd7 19. Qb4 f5 20. f3 Kh8 21. b3
b6 22. Nc4 Rb8 23. Re2 Rfc8 24. a5 b5 25. Nb6 Nxb6 26. Bxb6 Qd7 27. c4 bxc4 28.
bxc4 Bf6 29. Rc2 g6 30. c5 dxc5 31. Rxc5 Rxc5 32. Qxc5 Rc8 33. Qf2 Be7 34. Qe2
Bc5+ 35. Bxc5 Rxc5 36. Qxa6 Kg7 37. Qa8 Rc8 38. Qa6 Rc5 39. d6 e4 40. fxe4 fxe4
41. Qb6 Rc2 42. Qd4+ 1-0

[Event "Klatovy"]
[Site "?"]
[Date "2007.??.??"]
[Round "?"]
[White "Krejci, S."]
[Black "Cekan, P."]
[Result "1/2-1/2"]
[WhiteElo "2185"]
[BlackElo "1970"]
[PlyCount "130"]
[EventDate "2007.??.??"]

1. Nf3 Nf6 2. c4 c5 3. Nc3 Nc6 4. d4 cxd4 5. Nxd4 d6 6. g3 g6 7. Bg2 Bd7 8. O-O
Bg7 9. e3 O-O 10. b3 Qc8 11. Re1 Bh3 12. Bh1 Bg4 13. Qd2 Nd7 14. Nd5 Re8 15.
Bb2 Nde5 16. f4 Nd7 17. Rac1 Nf6 18. Nxc6 bxc6 19. Nxf6+ Bxf6 20. Bxf6 exf6 21.
Qxd6 Re6 22. Qb4 Qd7 23. Rc2 Rd8 24. c5 f5 25. Qc3 h5 26. h4 Qd3 27. Qxd3 Rxd3
28. Kf2 Kf8 29. Bf3 Bxf3 30. Kxf3 Re7 31. Rc4 Ke8 32. Re2 Red7 33. Ra4 Kd8 34.
Ra6 Rc7 35. Ra4 Rcd7 36. Kf2 Kc8 37. e4 fxe4 38. Raxe4 Kb7 39. Re7 Ka6 40. R2e3
R3d5 41. Rxd7 Rxd7 42. a3 Kb5 43. b4 a5 44. bxa5 Kxc5 45. Re5+ Kc4 46. f5 Kd4
47. Re1 Ra7 48. fxg6 fxg6 49. Re6 Rxa5 50. Rxc6 Rxa3 51. Rxg6 Ke4 52. Kg2 Ra8
53. Re6+ Kd4 54. Re7 Rf8 55. Kh3 Rf5 56. Re8 Kd5 57. Kg2 Kd4 58. g4 Rf4 59.
gxh5 Rxh4 60. Rh8 Ke5 61. Kg3 Rh1 62. Kg4 Rg1+ 63. Kh4 Kf6 64. Rf8+ Kg7 65. Rf4
Kh6 1/2-1/2

[Event "Klatovy"]
[Site "?"]
[Date "2007.??.??"]
[Round "?"]
[White "Jakl, A."]
[Black "Kaderabek, J."]
[Result "1-0"]
[WhiteElo "1965"]
[BlackElo "2185"]
[PlyCount "73"]
[EventDate "2007.??.??"]

1. e4 d6 2. g3 Nf6 3. d3 h5 4. Nf3 e5 5. Bg2 Nc6 6. Bg5 Be7 7. Nbd2 Bg4 8. h3
Be6 9. c3 d5 10. Qa4 Nd7 11. Bxe7 Qxe7 12. Qb5 Qd6 13. exd5 Bxd5 14. Ne4 Bxe4
15. dxe4 a6 16. Qe2 Nc5 17. Rd1 Qe6 18. b3 O-O 19. O-O Rfd8 20. Ng5 Qh6 21. h4
b5 22. Bh3 Rd6 23. Rxd6 cxd6 24. Rd1 Rd8 25. a4 Rb8 26. axb5 axb5 27. Qd2 Qf6
28. b4 Na4 29. Bd7 Na7 30. c4 Qe7 31. Bxb5 Nxb5 32. cxb5 Rxb5 33. Ra1 Nb6 34.
Qe2 Rxb4 35. Qxh5 Qf6 36. Qh7+ Kf8 37. Qh8+ 1-0

[Event "Klatovy"]
[Site "?"]
[Date "2007.??.??"]
[Round "?"]
[White "Smid, M."]
[Black "Hacaperkova, L."]
[Result "1/2-1/2"]
[WhiteElo "2185"]
[BlackElo "1965"]
[PlyCount "81"]
[EventDate "2007.??.??"]

1. d4 d5 2. c4 e6 3. Nc3 Nf6 4. cxd5 exd5 5. Bg5 Be7 6. Qc2 c6 7. e3 Nbd7 8.
Bd3 Nb6 9. Nge2 Nh5 10. Bxe7 Qxe7 11. O-O-O g6 12. Kb1 Ng7 13. Ng3 Be6 14. Na4
Nxa4 15. Qxa4 Nf5 16. Nxf5 Bxf5 17. Bxf5 gxf5 18. Qc2 Qe4 19. g3 O-O-O 20. h4
h5 21. Rc1 Kb8 22. Rhd1 Qxc2+ 23. Kxc2 Kc7 24. Kd3 Kd6 25. Rc2 b6 26. Rdc1 Rc8
27. b4 Rhe8 28. a4 Re7 29. Rb1 Rb8 30. Ke2 Rbb7 31. Kf3 Re4 32. Rbc1 Rc7 33.
Rc3 Rc8 34. a5 b5 35. a6 Kd7 36. Rc5 Rc7 37. Ke2 Re6 38. Kd3 Kd6 39. R5c2 Re4
40. Rg1 Rce7 41. Rgc1 1/2-1/2

[Event "Klatovy"]
[Site "?"]
[Date "2007.??.??"]
[Round "?"]
[White "Jenc, M."]
[Black "Pokrupa, M."]
[Result "0-1"]
[WhiteElo "1965"]
[BlackElo "2175"]
[PlyCount "76"]
[EventDate "2007.??.??"]

1. e4 Nf6 2. e5 Nd5 3. c4 Nb6 4. d4 d6 5. f4 g6 6. Nf3 Bg7 7. Be3 dxe5 8. fxe5
O-O 9. Qc2 Bg4 10. Be2 c5 11. d5 N8d7 12. Nbd2 Qc7 13. e6 fxe6 14. dxe6 Bxe6
15. O-O Ne5 16. Nxe5 Qxe5 17. Qb3 Qxb2 18. Rad1 Rxf1+ 19. Kxf1 Rd8 20. Ne4
Rxd1+ 21. Qxd1 Qxa2 22. Qd8+ Bf8 23. Bh6 Nd7 24. Nxc5 Bxc4 25. Nd3 Qb1+ 26. Nc1
Bxe2+ 27. Kxe2 Qb5+ 28. Kd2 Qb4+ 29. Ke2 Qg4+ 30. Kf1 Qf5+ 31. Ke1 Qe6+ 32. Ne2
Kf7 33. Bd2 Bg7 34. Kd1 Qd6 35. Ke1 Nc5 36. Qc8 Nd3+ 37. Kf1 Qf6+ 38. Nf4 Nxf4
0-1

[Event "Klatovy"]
[Site "?"]
[Date "2007.??.??"]
[Round "?"]
[White "Lexa, V."]
[Black "Trmota, Z."]
[Result "0-1"]
[WhiteElo "1955"]
[BlackElo "2155"]
[PlyCount "118"]
[EventDate "2007.??.??"]

1. d4 Nf6 2. c4 g6 3. Nc3 Bg7 4. e4 d6 5. Nf3 O-O 6. Be2 e5 7. Be3 Nc6 8. d5
Ne7 9. Nd2 Ne8 10. c5 f5 11. f3 Kh8 12. Qc2 fxe4 13. Ndxe4 Nf5 14. Bf2 Bh6 15.
O-O Ne3 16. Qd2 Ng4 17. Qe1 Nxf2 18. Qxf2 Ng7 19. Bd3 Nf5 20. Rae1 a6 21. cxd6
cxd6 22. Kh1 b5 23. a3 Bb7 24. g4 Nd4 25. Qg2 Bf4 26. Ng3 Qh4 27. Be4 Rac8 28.
Nge2 Nxe2 29. Rxe2 Rc4 30. Rd1 a5 31. Qg1 Rfc8 32. Rg2 Qg5 33. Re2 Qh6 34. Qf2
Ba6 35. Rc2 Be3 36. Qg2 Bd4 37. Rdc1 Qe3 38. Qe2 Qxe2 39. Nxe2 Rxc2 40. Rxc2
Rxc2 41. Bxc2 Bxb2 42. Bd3 Bb7 43. Bxb5 Bxd5 44. Kg2 Bxa3 45. Nc3 Bb3 46. h4
Bb4 47. Na4 h6 48. Kf2 Kg7 49. Ke2 Kf6 50. Nb2 d5 51. Nd3 Bd6 52. Nb2 d4 53.
Kd3 Bd5 54. f4 exf4 55. Kxd4 Bf3 56. Nc4 Bb4 57. Bd7 Be1 58. g5+ hxg5 59. hxg5+
Kxg5 0-1

[Event "Klatovy"]
[Site "?"]
[Date "2007.??.??"]
[Round "?"]
[White "Erneker, J."]
[Black "Macek, K."]
[Result "1-0"]
[WhiteElo "2155"]
[BlackElo "1950"]
[PlyCount "53"]
[EventDate "2007.??.??"]

1. c4 Nf6 2. Nc3 e6 3. e4 d5 4. cxd5 exd5 5. e5 d4 6. exf6 dxc3 7. Qe2+ Be6 8.
Qb5+ Qd7 9. Qxb7 Bd5 10. Qb5 cxd2+ 11. Bxd2 Qxb5 12. Bxb5+ c6 13. Bf1 Nd7 14.
f3 Nxf6 15. Kf2 Rb8 16. b3 Bb4 17. Bxb4 Rxb4 18. Ne2 Ke7 19. Nc3 a5 20. Bd3 Rd8
21. Rhe1+ Kf8 22. Rad1 Bxb3 23. axb3 Rxb3 24. Bc4 Rxd1 25. Bxb3 Rd2+ 26. Re2
Rd3 27. Rc2 1-0

[Event "Klatovy"]
[Site "?"]
[Date "2007.??.??"]
[Round "?"]
[White "Kubat, M."]
[Black "Kubikova, A."]
[Result "1/2-1/2"]
[WhiteElo "1940"]
[BlackElo "2155"]
[PlyCount "57"]
[EventDate "2007.??.??"]

1. e4 e6 2. d4 d5 3. Nd2 dxe4 4. Nxe4 Nd7 5. Nf3 Ndf6 6. Nxf6+ Nxf6 7. Bd3 c5
8. dxc5 Bxc5 9. O-O Qb6 10. c3 Bd7 11. Qc2 Bb5 12. Bxb5+ Qxb5 13. Bg5 Be7 14.
Rad1 O-O 15. Rfe1 Rad8 16. Bh4 Qa5 17. a3 Rxd1 18. Rxd1 Rd8 19. Rxd8+ Qxd8 20.
Qd2 Qb6 21. Qc2 h6 22. h3 g5 23. Bg3 Bd6 24. Bxd6 Qxd6 25. Kf1 Qf4 26. Qd2 Qe4
27. Ne1 Nd5 28. Qd3 Qf4 29. Qe2 1/2-1/2

[Event "Klatovy"]
[Site "?"]
[Date "2007.??.??"]
[Round "?"]
[White "Stluka, F."]
[Black "Hacaperka, M."]
[Result "1-0"]
[WhiteElo "2145"]
[BlackElo "1935"]
[PlyCount "73"]
[EventDate "2007.??.??"]

1. d4 Nf6 2. c4 g6 3. Nc3 Bg7 4. e4 d6 5. f4 O-O 6. Nf3 c5 7. d5 a6 8. a4 b6 9.
Be2 e6 10. O-O exd5 11. cxd5 Bb7 12. Kh1 Re8 13. Nd2 Bc8 14. Bf3 Ra7 15. Nc4 h5
16. h3 Rf8 17. e5 Ne8 18. Ne4 Rb7 19. Ncxd6 Nxd6 20. Nxd6 Rd7 21. Qb3 Rxd6 22.
exd6 Qxd6 23. Bd2 Nd7 24. Bc3 Bh6 25. f5 Ne5 26. Be4 g5 27. Qd1 g4 28. Bd2 Kh8
29. f6 gxh3 30. Bxh6 Ng4 31. Bf4 hxg2+ 32. Kxg2 Qxf6 33. Qd2 Rg8 34. Bg3 Qg7
35. Kh1 Nf6 36. Be5 Nxe4 37. Qh6# 1-0